League of Legends Champions by Ultimate Name - Statistics

General Stats
  • This quiz has been taken 216 times
  • The average score is 92 of 157
Answer Stats
Champion Ultimate % Correct
GNAR! Gnar
93%
Mercury Cannon / Mercury Hammer Jayce
91%
Mega Inferno Bomb Ziggs
89%
Enchanted Crystal Arrow Ashe
84%
Curse of the Sad Mummy Amumu
83%
Solar Flare Leona
83%
Featherstorm Xayah
83%
Undying Rage Tryndamere
82%
Summon: Tibbers Annie
81%
Spider Form / Human Form Elise
81%
Demacian Justice Garen
81%
CHAAAAAAARGE!!! Kled
81%
Feast Cho'Gath
79%
Needlework Gwen
79%
Petrifying Gaze Cassiopeia
78%
Daisy! Ivern
78%
Curtain Call Jhin
78%
Insanity Potion Singed
78%
Command: Shockwave Orianna
77%
Noxian Guillotine Darius
76%
Chronobreak Ekko
76%
UPGRADE!!! Heimerdinger
76%
Super Mega Death Rocket! Jinx
76%
Mantra Karma
76%
Call of the Forge God Ornn
76%
Let's Bounce Zac
76%
Realm of Death Mordekaiser
75%
Fury of the Sands Nasus
75%
Life Form Disintegration Ray Vel'Koz
75%
Glacial Storm Anivia
74%
Emperor's Divide Azir
74%
Divine Judgement Kayle
74%
Ragnarok Olaf
74%
Blade of the Exile Riven
74%
Dragon's Descent Shyvana
74%
Death Mark Zed
74%
Lilting Lullaby Lillia
73%
Tidal Wave Nami
73%
Hijack Sylas
73%
Trueshot Barrage Ezreal
72%
Crowstorm Fiddlesticks
72%
Lamb's Respite Kindred
72%
Frozen Tomb Lissandra
72%
Aspect of the Cougar Nidalee
72%
Glacial Prison Sejuani
72%
Chronoshift Zilean
72%
Cannon Barrage Gangplank
71%
Moonfall Diana
69%
Grand Challenge Fiora
69%
Bullet Time Miss Fortune
69%
Paranoia Nocturne
69%
Portal Jump Zoe
69%
World Ender Aatrox
68%
Pyroclasm Brand
68%
Wild Growth Lulu
68%
Ace in the Hole Caitlyn
67%
Hero's Entrance Galio
67%
Final Spark Lux
67%
Death from Below Pyke
67%
Riftwalk Kassadin
65%
The Culling Lucian
65%
Nature's Grasp Maokai
65%
Hemoplague Vladimir
65%
Realm Warp Ryze
64%
Noxious Trap Teemo
64%
Stranglethorns Zyra
64%
Mimic LeBlanc
63%
The Box Thresh
63%
Destiny Twisted Fate
63%
Pop Blossom Neeko
61%
Thrill of the Hunt Rengar
61%
Crescendo Sona
61%
Chum the Waters Fizz
60%
Weaver's Wall Taliyah
60%
The Show Stopper Sett
59%
Glacial Fissure Braum
58%
Maximum Dosage Dr. Mundo
58%
Umbral Trespass Kayn
58%
Magnet Storm Rell
58%
Inferno Trigger Samira
58%
Spray and Pray Twitch
58%
Spirit Rush Ahri
57%
Unstoppable Onslaught Sion
57%
Chain of Corruption Varus
57%
Hextech Ultimatum Camille
56%
Explosive Cask Gragas
56%
Cataclysm Jarvan IV
56%
Hallucinate Shaco
56%
Wish Soraka
56%
Phoenix Stance Udyr
56%
Fate Sealed Yone
56%
Monsoon Janna
55%
Chaos Storm Viktor
55%
Eulogy of the Isles Yorick
55%
Moonlight Vigil Aphelios
54%
Killer Instinct Kai'Sa
54%
Requiem Karthus
54%
Depth Charge Nautilus
54%
The Quickness Rakan
54%
Dominus Renekton
54%
Living Artillery Kog'Maw
53%
Nether Grasp Malzahar
53%
Grand Starfall Pantheon
53%
Void Rush Rek'Sai
53%
Stand United Shen
53%
Death Lotus Katarina
51%
Heartbreaker Viego
51%
Unstoppable Force Malphite
50%
Soul Shackles Morgana
50%
Supreme Display of Talent Qiyana
50%
Encore Seraphine
49%
Impale Skarner
49%
Void Assault Kha'Zix
48%
The Equalizer Rumble
48%
Grandmaster's Might Jax
47%
Keeper's Verdict Poppy
47%
Behind Enemy Lines Quinn
47%
Unleashed Power Syndra
47%
Stormbringer Volibear
47%
Final Chapter Yuumi
47%
Slicing Maelstrom Kennen
45%
Perfect Execution Akali
44%
Collateral Damage Graves
44%
Buster Shot Tristana
44%
Crescent Guard Xin Zhao
44%
Absolute Zero Nunu & Willump
43%
Missile Barrage Corki
42%
Dragon's Rage Lee Sin
42%
Highlander Master Yi
42%
Demonic Ascension Swain
42%
Final Hour Vayne
42%
Rite of the Arcane Xerath
42%
Onslaught of Shadows Hecarim
41%
Assault and Battery Vi
41%
Cosmic Radiance Taric
40%
Subjugate Trundle
40%
Last Breath Yasuo
40%
Tempered Fate Bard
39%
Fear Beyond Death Urgot
39%
Last Caress Evelynn
38%
Shadow Assault Talon
38%
Cyclone Wukong
38%
Abyssal Voyage Tahm Kench
37%
Infinite Duress Warwick
37%
Static Field Blitzcrank
35%
Whirling Death Draven
35%
Tremors Rammus
35%
Comeuppance Akshan
33%
Unbreakable Will Alistar
33%
Dawning Shadow Senna
33%
On the Hunt Sivir
31%
Leap of Faith Illaoi
28%
Fate's Call Kalista
28%
Vanguard's Edge Irelia
27%
Shadow Surge Vex
27%
Primordial Burst Veigar
26%
Voice of Light Aurelion Sol
22%
No matching quizzes found
Score Distribution
Percent of People with Each Score
Percentile by Number Answered
Your Score History
You have not taken this quiz